Statistics for All-Time Cleveland Browns

Click here to take the quiz!

General Stats

  • This quiz has been taken 170 times
  • The average score is 5 of 15

Answer Stats

PositionsAnswer% Correct
HBBrown
98%
QBGraham
85%
TThomas
69%
TENewsome
65%
KGroza
43%
LBMatthews Jr.
42%
WRWarfield
39%
CBMinnifield
20%
GHickerson
19%
DELavelli
17%
SWard
13%
WRMetcalf
8%
LBMotley
7%
CSchafrath
5%
DTGolic
4%

Score Distribution

Percentile by Number Answered

Percent of People with Each Score

Your Score History

You have not taken this quiz